[Event "Memorial Helio da Motta - ALEX 2017"]
[Site "Rio de Janeiro | BRA"]
[Date "2017.03.21"]
[Round "3.10"]
[White "Negreiros, Diogenes"]
[Black "Tiomno, Luiz Sergio"]
[Result "0-1"]
[WhiteElo "1653"]
[BlackElo "1651"]

1. d4 d5 2. c4 e6 3. Nc3 Nf6 4. Bg5 dxc4 5. e3 Bd7 6. Bxc4 Be7 7. Nf3 Nc6 8.
O-O a6 9. Bb3 b5 10. Rc1 O-O 11. Qe2 b4 12. Na4 Nd5 13. Bxe7 Ncxe7 14. Nc5 Bb5
15. Bc4 Bxc4 16. Rxc4 a5 17. Rfc1 c6 18. Ne5 Ra7 19. Ne4 Rc7 20. Nxc6 Nxc6 21.
Rxc6 Qd7 22. Rxc7 Nxc7 23. Ng5 h6 24. Ne4 Qd8 25. Rc5 Nd5 26. Qb5 Qh4 27. Ng3
Qg4 28. h3 Qg6 29. Qxa5 Nxe3 30. fxe3 Qxg3 31. Re5 Rc8 32. Rc5 Qxe3+ 33. Kh1
Rb8 34. Qc7 Ra8 35. Rc4 Rxa2 36. Qb8+ Kh7 37. Rxb4 Ra1+ 38. Kh2 Qg1+ 39. Kg3
Rd1 40. Qb5 Qe3+ 41. Kh2 Qf4+ {#R} 0-1

[Event "Memorial Helio da Motta - ALEX 2017"]
[Site "Rio de Janeiro | BRA"]
[Date "2017.03.21"]
[Round "3.11"]
[White "da Luz, Luiz Alberto "]
[Black "Lima, Juarez"]
[Result "0-1"]
[WhiteElo "1537"]
[BlackElo "1989"]

1. d4 d5 2. Nf3 c5 3. c4 e6 4. a3 Nf6 5. e3 Bd6 6. Nc3 O-O 7. Be2 Nc6 8. O-O
a6 9. Qc2 dxc4 10. dxc5 Bxc5 11. Bxc4 Qc7 12. Ne4 Be7 13. Bd2 b5 14. Ba2 Bb7
15. Nxf6+ gxf6 16. Rac1 Kh8 17. Bc3 Rg8 18. e4 Qf4 19. Qe2 Rg4 20. e5 Rag8 21.
g3 Bc5 22. Bd2 Rxg3+ 23. hxg3 Qxg3+ {#R} 0-1

[Event "Memorial Helio da Motta - ALEX 2017"]
[Site "Rio de Janeiro | BRA"]
[Date "2017.03.21"]
[Round "3.12"]
[White "Luz, Carlos Henrique"]
[Black "Rodrigues, Job"]
[Result "1-0"]
[WhiteElo "1623"]
[BlackElo "1238"]

1. d4 Nf6 2. Bf4 g6 3. Nd2 Bg7 4. e3 O-O 5. Ngf3 d6 6. Bc4 Nbd7 7. h3 d5 8.
Bd3 c5 9. c3 c4 10. Bc2 b5 11. a4 Rb8 12. Bxb8 Nxb8 13. axb5 a6 14. bxa6 Bxa6
15. Ra2 Qd6 16. Qa1 Ne8 17. O-O Nc7 18. Re1 f5 19. b3 Nd7 20. bxc4 Bxc4 21.
Nxc4 dxc4 22. Rb1 e5 23. Ra7 e4 24. Nd2 Qd5 25. Nxc4 Ne6 26. Bb3 f4 27. Nd2
Qg5 28. Bxe6+ Kh8 29. Ra8 f3 30. Rxf8+ Nxf8 31. g3 Nxe6 32. Qa8+ Nf8 33. Rb8
h5 34. Qxe4 Qa5 35. Qxg6 Qxc3 36. Qxh5+ Kg8 37. Nxf3 Qc7 38. Re8 Qf7 39. Qb5
Qd7 {#r} 1-0

[Event "Memorial Helio da Motta - ALEX 2017"]
[Site "Rio de Janeiro | BRA"]
[Date "2017.03.28"]
[Round "4.1"]
[White "Mesquita, Jose Carlos"]
[Black "Ramos Simoes, Leo"]
[Result "0-1"]
[WhiteElo "1962"]
[BlackElo "2047"]

1. e4 c5 2. Nf3 d6 3. d4 cxd4 4. Nxd4 Nf6 5. Nc3 a6 6. Be3 e6 7. f3 b5 8. g4
Bb7 9. g5 Nfd7 10. Qd2 Nc5 11. O-O-O b4 12. Nce2 Qa5 13. Kb1 d5 14. exd5 Bxd5
15. Nc1 Nbd7 16. Ncb3 Qc7 17. Be2 Be7 18. Nxc5 Nxc5 19. Nf5 Qa5 20. b3 Na4 21.
bxa4 Rd8 22. Nxg7+ Kf8 23. Qc1 Kxg7 24. Qb2+ f6 25. gxf6+ Bxf6 26. Rhg1+ Kf7
27. Bd4 e5 28. Bxe5 Bxe5 29. Rxd5 Qxd5 30. Qc1 Qd4 31. c3 bxc3 32. Qc2 Qxg1+
{#R} 0-1

[Event "Memorial Helio da Motta - ALEX 2017"]
[Site "Rio de Janeiro | BRA"]
[Date "2017.03.28"]
[Round "4.3"]
[White "Souza Santos, Tadeu"]
[Black "Von Calmbach, Guilherme"]
[Result "1-0"]
[WhiteElo "2117"]
[BlackElo "1787"]

1. e4 d5 2. exd5 Nf6 3. Nf3 Nxd5 4. c4 Nf4 5. d4 Bg4 6. Bxf4 Nc6 7. d5 Bxf3 8.
gxf3 e5 9. dxc6 Qxd1+ 10. Kxd1 exf4 11. cxb7 Rb8 12. Bh3 Rxb7 13. Re1+ Be7 14.
Kc2 c6 15. Nc3 O-O 16. Rad1 Bc5 17. Re2 g6 18. Ne4 Re7 19. Rd7 Kg7 20. Rxe7
Bxe7 21. Bd7 c5 22. Nc3 Bd6 23. Re8 Rxe8 24. Bxe8 Be5 25. Ne2 Kf6 26. Bd7 Kg5
27. Bh3 Kh4 28. Bf1 g5 29. h3 h5 30. a3 g4 31. hxg4 hxg4 32. fxg4 Kxg4 33. Ng1
Bd4 34. Be2+ Kf5 35. Nh3 f6 36. Bf3 a6 37. b4 cxb4 38. axb4 Be5 39. c5 Ke6 40.
Kb3 Bc7 41. Kc4 Ke5 42. Ng1 Bb8 43. Ne2 {#r} 1-0

[Event "Memorial Helio da Motta - ALEX 2017"]
[Site "Rio de Janeiro | BRA"]
[Date "2017.03.28"]
[Round "4.4"]
[White "de Oliveira Lima, Alexandre"]
[Black "Tiomno, Luiz Sergio"]
[Result "0-1"]
[WhiteElo "1886"]
[BlackElo "1651"]

1.d4 d5 2.Nf3 Nf6 3.c4 e6 4.g3 Be7 5.Bg2 Nc6 6.Qc2 O-O 7.O-O Bd7 8.Bf4 dxc4
9.Qxc4 Nd5 10.Bd2 Bf6 11.e4 Nb6 12.Qd3 Bc8 13.Bc3 Na4 14.Nbd2 Nxc3 15.bxc3 Rb8
16.Rab1 g6 17.e5 Bg7 18.Qe3 Ne7 19.Rfd1 Nf5 20.Qe2 b6 21.Ne4 Bb7 22.c4 Qc8
23.d5 exd5 24.cxd5 Rd8 25.Nc3 a5 26.Rb2 Ba6 27.Qe4 Re8 28.Nb5 Bxb5 29.Rxb5 Nd6
{#R} 0-1

[Event "Memorial Helio da Motta - ALEX 2017"]
[Site "Rio de Janeiro | BRA"]
[Date "2017.03.28"]
[Round "4.7"]
[White "Faraco, Pedro"]
[Black "Saldanha, Adriano"]
[Result "1/2-1/2"]
[WhiteElo "1464"]
[BlackElo "1651"]

1. e4 e5 2. Nf3 Nc6 3. Bc4 Be7 4. d4 d6 5. c3 Nf6 6. d5 Nb8 7. Qd3 Nbd7 8. b4
O-O 9. Nbd2 Nb6 10. Bb3 Bg4 11. a4 c6 12. a5 Nbd7 13. h3 Bxf3 14. Nxf3 cxd5
15. Bxd5 Nxd5 16. Qxd5 Qc7 17. c4 Nf6 18. Qd3 Rac8 19. Nd2 d5 20. c5 Rfd8 21.
Qf3 dxe4 22. Nxe4 Nxe4 23. Qxe4 Rd4 24. Qb1 Rcd8 25. O-O Rd1 26. Qc2 Rxf1+ 27.
Kxf1 a6 28. Be3 Qd7 {#d} 1/2-1/2

[Event "Memorial Helio da Motta - ALEX 2017"]
[Site "Rio de Janeiro | BRA"]
[Date "2017.03.28"]
[Round "4.9"]
[White "Pereira, Emmanuel"]
[Black "Alves Rolim, Carlos"]
[Result "0-1"]
[WhiteElo "1691"]
[BlackElo "1889"]

1.e4 c5 2.d4 cxd4 3.c3 dxc3 4.Nxc3 e6 5.Nf3 Nc6 6.Bc4 a6 7.a3 b5 8.Ba2 Bb7
9.O-O Qc7 10.Qe2 Nge7 11.Be3 Ng6 12.Rfd1 Be7 13.Rac1 O-O 14.Nd4 Bf6 15.Qc2
Nce5 16.f3 Nc4 17.Bxc4 bxc4 18.Nde2 Rfd8 19.Na4 d5 20.Bb6 Qe5 21.Bxd8 Bxd8
22.Qc3 Qg5 23.exd5 exd5 24.Qd2 Qe5 25.Kh1 Bg5 26.Qc3 Qxe2 27.Re1 Qd3 28.Qxd3
cxd3 29.Red1 Bxc1 {#R} 0-1

[Event "Memorial Helio da Motta - ALEX 2017"]
[Site "Rio de Janeiro | BRA"]
[Date "2017.03.28"]
[Round "4.10"]
[White "Rabello, David"]
[Black "Faria, Daniel"]
[Result "1-0"]
[WhiteElo "1835"]
[BlackElo "1678"]

1. e4 c5 2. Nf3 Nc6 3. d4 cxd4 4. Nxd4 Nf6 5. Nc3 a6 6. Bc4 d6 7. Nxc6 bxc6 8.
e5 Ng4 9. e6 f5 10. Qf3 Qb6 11. Qxf5 Ne5 12. Bb3 g6 13. Qf4 Bg7 14. Be3 Qb8
15. Bd4 Rf8 16. Qh4 Qb4 17. O-O-O c5 18. a3 Qb6 19. Nd5 Qa7 20. Bc3 Bxe6 21.
Rhe1 Bxd5 22. Bxd5 O-O-O 23. f4 Bf6 24. Qh3+ Nd7 25. Bxf6 Rxf6 26. Rxe7 c4 27.
Bxc4 Rxf4 28. Qc3 Kb8 29. Qb4+ Qb6 30. Qxb6+ Nxb6 31. Bxa6 Nc8 32. Rxh7 Ra4
33. Bb5 Ra7 34. Rxa7 Nxa7 35. Bd3 g5 36. Be4 Kc7 37. Rd5 Rg8 38. Rf5 Rg7 39.
Ra5 Kb6 40. b4 Nc6 41. Bxc6 Kxc6 42. c4 g4 43. Ra6+ Kb7 44. Rxd6 Rf7 45. Rg6
Rf1+ 46. Kd2 Rf2+ 47. Ke1 Rxg2 48. Kf1 Rxh2 49. Rxg4 Ra2 50. Rg3 Kc6 51. Ke1
Rc2 52. c5 Kb5 53. Kd1 Rc4 54. Kd2 Rh4 55. Re3 Rh2+ 56. Kc3 Rh4 57. Kb3 Rf4
58. a4+ Kc6 59. Re6+ Kc7 60. a5 Rd4 61. a6 Rh4 62. Ka4 Rh2 63. Kb5 Rh7 64. Rb6
Kc8 65. Rc6+ Kb8 66. Kb6 Rh8 67. Rd6 Rc8 68. c6 Rc7 69. Rd8+ {#r} 1-0

[Event "Memorial Helio da Motta - ALEX 2017"]
[Site "Rio de Janeiro | BRA"]
[Date "2017.03.28"]
[Round "4.11"]
[White "Ribeiro de Carvalho, Irahy"]
[Black "Labre, Diogenes"]
[Result "0-1"]
[WhiteElo "1555"]
[BlackElo "1683"]

1.e4 c5 2.Nf3 d6 3.Nc3 g6 4.Bc4 Bg7 5.d3 Nc6 6.a3 Nf6 7.Ba2 O-O 8.Bg5 h6 9.Bh4
a6 10.Bg3 b5 11.Ne2 a5 12.Nf4 e6 13.c3 Bb7 14.O-O b4 15.Qd2 bxc3 16.bxc3 Ba6
17.Rfe1 Ng4 18.Nxe6 fxe6 19.Bxe6+ Kh7 20.Bxg4 Ne5 21.Nxe5 dxe5 22.c4 Bc8
23.Bxc8 Rxc8 24.Rab1 Rf7 25.Qb2 Qxd3 26.Bxe5 Bxe5 27.Qxe5 Rcf8 28.Rbd1 Qxc4
29.Rc1 Qa2 30.f3 Qxa3 31.Qxc5 Qb4 32.Qxb4 axb4 33.Rb1 Rb8 34.Re3 Rfb7 35.Reb3
Kg7 36.Kf2 Kf6 37.Ke3 g5 38.Rc1 Rb6 39.Rc5 Ke6 40.Kd4 Rd6+ 41.Ke3 Rdb6 42.g3
R8b7 43.h3 Kd6 44.Rd5+ Ke6 45.f4 gxf4+ 46.gxf4 Rg7 47.Kf3 Rc7 48.Rh5 Kf7 49.e5
Kg6 50.Kg4 Rc3 51.Rxc3 bxc3 52.e6 c2 53.Rc5 h5+ 54.Kh4 c1=Q 55.Rxc1 Rxe6
56.Rg1+ Kf5 57.Rf1 Re3 58.Rf2 Rd3 59.Rh2 Re3 60.Kxh5 Re8 61.Kh6 Kf6 62.Kh7 Kf7
63.Rg2 Re3 64.h4 Rh3 65.Rg4 Kf6 66.Kh6 Kf5 67.Kh5 Rh1 68.Kh6 {#R} 0-1

[Event "Memorial Helio da Motta - ALEX 2017"]
[Site "Rio de Janeiro | BRA"]
[Date "2017.03.28"]
[Round "4.12"]
[White "Rodrigues, Job"]
[Black "Negreiros, Diogenes"]
[Result "0-1"]
[WhiteElo "1238"]
[BlackElo "1653"]

1. Nf3 d5 2. g3 Nf6 3. Bg2 c5 4. O-O Bf5 5. d3 e6 6. Nbd2 Nc6 7. c3 Bd6 8. Nh4
Bg6 9. Re1 O-O 10. e4 dxe4 11. Nxg6 hxg6 12. Nxe4 Nxe4 13. Rxe4 Qf6 14. Bd2
Ne5 15. d4 Nd3 16. Be3 c4 17. Qd2 Rab8 18. b3 b5 19. Rh4 e5 20. Bg5 Qe6 21.
Bh6 Qf6 22. Bg5 Qe6 23. d5 Qd7 24. Bh6 f6 25. Bh3 f5 26. Bg2 gxh6 27. Qxh6 Qg7
28. a4 Qxh6 29. Rxh6 Kg7 30. Rh3 Bc5 31. bxc4 bxc4 32. Ra2 Rb1+ 33. Bf1 Rfb8
34. Kg2 R8b2 35. Rxb2 Rxb2 36. Bxd3 cxd3 37. g4 Rxf2+ 38. Kg3 f4+ 39. Kh4 d2
40. Rd3 Be7+ 41. Kh3 e4 42. Rd4 e3 43. d6 Bd8 44. c4 e2 45. Re4 e1=Q 46. Rxe1
dxe1=Q {#R} 0-1

[Event "Memorial Helio da Motta - ALEX 2017"]
[Site "Rio de Janeiro | BRA"]
[Date "2017.04.03"]
[Round "5.1"]
[White "Murilo, Sergio"]
[Black "Ramos Simoes, Leo"]
[Result "1-0"]
[WhiteElo "1954"]
[BlackElo "2047"]

1. e4 e6 2. Nc3 b6 3. g3 Bb7 4. Bg2 d6 5. Nge2 Nd7 6. d3 g6 7. Be3 c5 8. Qd2
a6 9. h3 Bg7 10. f4 Ne7 11. O-O Qc7 12. d4 O-O 13. Rad1 Rfd8 14. g4 cxd4 15.
Bxd4 Bxd4+ 16. Qxd4 Qc5 17. Kh1 Nf8 18. Qf6 Rd7 19. a3 a5 20. Rd2 Rad8 21.
Rfd1 d5 22. e5 b5 23. Nd4 b4 24. Nb3 Qb6 25. Na4 Qb5 26. Nac5 Rc7 27. Bf1 Qb6
28. Nxb7 Rxb7 29. a4 h6 30. Nd4 Nh7 31. Qh4 Kg7 32. f5 exf5 33. gxf5 Nxf5 34.
Nxf5+ gxf5 35. Rg2+ Ng5 36. Qf4 Kf8 37. h4 Ne4 38. Qxf5 Qe3 39. Rd3 Qe1 40.
Qf4 Rb6 41. Re2 Qb1 42. Rxe4 Re6 43. Re2 Qxb2 44. Rf3 Rd7 45. Bh3 {#r} 1-0

[Event "Memorial Helio da Motta - ALEX 2017"]
[Site "Rio de Janeiro | BRA"]
[Date "2017.04.04"]
[Round "5.2"]
[White "Tiomno, Luiz Sergio"]
[Black "Souza Santos, Tadeu"]
[Result "0-1"]
[WhiteElo "1651"]
[BlackElo "2117"]

1. e4 c5 2. g3 e6 3. Nc3 Nc6 4. Bg2 Be7 5. Nge2 a6 6. b3 b5 7. a3 Bb7 8. O-O
h5 9. h3 Bf6 10. Rb1 Qc7 11. d3 Nge7 12. Bf4 d6 13. Qc1 Nd4 14. Nxd4 cxd4 15.
Ne2 Rc8 16. Rb2 a5 17. Bg5 e5 18. Kh2 Ng6 19. h4 Qe7 20. Bxf6 gxf6 21. Bh3 Rc6
22. Bf5 Bc8 23. Bxc8 Rxc8 24. Ra2 f5 25. Qg5 Qxg5 26. hxg5 fxe4 27. dxe4 h4
28. Kg2 Rh5 29. f4 hxg3 30. Nxg3 Rh4 31. fxe5 Nf4+ 32. Kf3 Rc3+ 33. Kf2 dxe5
34. Nf5 Rh2+ 35. Ke1 d3 36. Rf2 Rxf2 37. Kxf2 Rxc2+ {#R} 0-1

[Event "Memorial Helio da Motta - ALEX 2017"]
[Site "Rio de Janeiro | BRA"]
[Date "2017.04.04"]
[Round "5.3"]
[White "Pinon, Antonio Marcos"]
[Black "Araujo, Bernardo"]
[Result "1-0"]
[WhiteElo "1803"]
[BlackElo "1539"]

1. d4 f5 2. Nc3 Nf6 3. Bg5 g6 4. e3 Bg7 5. h4 d5 6. h5 Ne4 7. Nxe4 fxe4 8. h6
Bf6 9. Bf4 b6 10. Nh3 Bb7 11. g4 e6 12. g5 Be7 13. Be5 Rg8 14. Nf4 Qd7 15. Bh3
Bc8 16. Bxe6 {#r} 1-0

[Event "Memorial Helio da Motta - ALEX 2017"]
[Site "Rio de Janeiro | BRA"]
[Date "2017.04.04"]
[Round "5.5"]
[White "Alves Rolim, Carlos"]
[Black "Luz, Carlos Henrique"]
[Result "0-1"]
[WhiteElo "1889"]
[BlackElo "1623"]

1. d4 d6 2. c4 Nd7 3. Nc3 b6 4. e4 Bb7 5. Bd3 c5 6. d5 g6 7. Nge2 Bg7 8. O-O
Ngf6 9. f4 O-O 10. Ng3 Re8 11. f5 Ne5 12. fxg6 fxg6 13. Be2 Bc8 14. Bf4 Nfd7
15. Qd2 Nf7 16. Rf2 Rf8 17. Raf1 Nde5 18. h3 Bd7 19. b3 a6 20. a4 Rb8 21. Kh1
Qc7 22. h4 Ng4 23. Bxg4 Bxg4 24. h5 Bd4 25. hxg6 hxg6 26. Be3 Be5 27. Nge2 Kg7
28. Bf4 Rh8+ 29. Kg1 Bf6 30. Nd1 Rh7 31. Ne3 Rbh8 32. Ng3 Qd7 33. Nxg4 Qxg4
34. Rf3 Bd4+ 35. Be3 Bf6 36. Qf2 Qh4 37. Qd2 Ne5 38. Rxf6 exf6 39. Bf4 Ng4 40.
Rf3 Qxg3 41. Bh6+ Rxh6 42. Qxh6+ Rxh6 43. Rxg3 Ne5 44. Kf2 Rh4 45. Ke3 {#R}
0-1

[Event "Memorial Helio da Motta - ALEX 2017"]
[Site "Rio de Janeiro | BRA"]
[Date "2017.04.04"]
[Round "5.6"]
[White "Labre, Diogenes"]
[Black "de Oliveira Lima, Alexandre"]
[Result "0-1"]
[WhiteElo "1683"]
[BlackElo "1886"]

1. e4 c5 2. Nf3 e6 3. d4 cxd4 4. Nxd4 Qc7 5. Be2 a6 6. O-O b5 7. b3 Bb7 8. Bf3
Nc6 9. Bb2 Ne5 10. Qe2 Nf6 11. Nd2 Nxf3+ 12. N4xf3 Qf4 13. Rfe1 Rc8 14. Be5
Qh6 15. Bxf6 gxf6 16. a4 bxa4 17. Nc4 Bc5 18. Qd3 Qh5 19. Nd6+ Bxd6 20. Qxd6
axb3 21. cxb3 Qc5 22. Qd3 Qc3 23. Rad1 Qxd3 24. Rxd3 Ke7 25. Nd4 Rc5 26. f3
Rhc8 27. Red1 Rc3 28. Kf2 d5 29. exd5 Bxd5 30. Nf5+ Kf8 31. Nd6 Rxd3 32. Rxd3
Rb8 33. Nc4 Rb4 34. Rc3 Ke7 35. Ke3 e5 36. g3 Ke6 37. g4 f5 38. gxf5+ Kxf5 39.
Nd6+ Kg6 40. Nc4 f6 41. Nd2 Rh4 42. Rd3 Bc6 43. Rd6 Bb5 44. Ne4 Rxh2 45. Nc3
Rb2 46. Nxb5 Rxb3+ {#R} 0-1

[Event "Memorial Helio da Motta - ALEX 2017"]
[Site "Rio de Janeiro | BRA"]
[Date "2017.04.04"]
[Round "5.7"]
[White "Saldanha, Adriano"]
[Black "Rabello, David"]
[Result "1-0"]
[WhiteElo "1651"]
[BlackElo "1835"]

1. e4 c5 2. Nf3 g6 3. c3 Bg7 4. Bc4 Nc6 5. O-O d6 6. d4 cxd4 7. cxd4 Nf6 8. d5
Ne5 9. Nxe5 dxe5 10. Nc3 O-O 11. Qe2 Bd7 12. Bg5 Rc8 13. Bd3 Nh5 14. Rac1 Nf4
15. Qd2 Nxd3 16. Qxd3 h6 17. Be3 f5 18. Bxa7 fxe4 19. Nxe4 Bf5 20. Rxc8 Qxc8
21. f3 Rd8 22. Bb6 Rd7 23. Qb3 Kh7 24. g4 Bxe4 25. fxe4 Rd6 26. h3 Rf6 27. Qc3
Qxc3 28. bxc3 Rxb6 29. Rf7 e6 30. c4 exd5 31. exd5 Kg8 32. Rc7 e4 33. c5 Rb5
34. d6 Rxc5 35. d7 Bf6 36. Rxc5 {#r} 1-0

[Event "Memorial Helio da Motta - ALEX 2017"]
[Site "Rio de Janeiro | BRA"]
[Date "2017.04.04"]
[Round "5.8"]
[White "Von Calmbach, Guilherme"]
[Black "Faraco, Pedro"]
[Result "1/2-1/2"]
[WhiteElo "1787"]
[BlackElo "1464"]

1. e4 c5 2. Nf3 d6 3. Bc4 Nf6 4. Nc3 g6 5. e5 dxe5 6. Nxe5 e6 7. d3 Bg7 8. Qf3
Qd4 9. Bf4 a6 10. O-O-O Nh5 11. Nxf7 Qxf4+ 12. Qxf4 Nxf4 13. Nxh8 Bxh8 14. g3
Nh3 15. Rd2 Bd4 16. Rf1 {#d} 1/2-1/2

[Event "Memorial Helio da Motta - ALEX 2017"]
[Site "Rio de Janeiro | BRA"]
[Date "2017.04.04"]
[Round "5.10"]
[White "Negreiros, Diogenes"]
[Black "Pereira, Emmanuel"]
[Result "0-1"]
[WhiteElo "1653"]
[BlackElo "1691"]

1. d4 Nf6 2. c4 e6 3. Nc3 c5 4. Nf3 cxd4 5. Nxd4 Nc6 6. Bg5 Be7 7. e3 d5 8.
Bxf6 Bxf6 9. cxd5 Nxd4 10. exd4 exd5 11. Bd3 O-O 12. O-O g6 13. Qf3 Be6 14.
Ne2 Bg7 15. Rac1 Qb6 16. Qf4 Rac8 17. b3 Bd7 18. h4 h5 19. f3 Rfe8 20. g4 Be5
21. Qd2 Rxc1 22. Rxc1 hxg4 23. fxg4 Bxd4+ 24. Nxd4 Qxd4+ 25. Kh2 Qxg4 26. Qg5
Qh3+ 27. Kg1 Qxd3 28. h5 Qe3+ {#R} 0-1

[Event "Memorial Helio da Motta - ALEX 2017"]
[Site "Rio de Janeiro | BRA"]
[Date "2017.04.04"]
[Round "5.11"]
[White "Faria, Daniel"]
[Black "da Luz, Luiz Alberto"]
[Result "1-0"]
[WhiteElo "1678"]
[BlackElo "1537"]

1. Nf3 Nf6 2. g3 b6 3. b3 Bb7 4. Bg2 e6 5. O-O Be7 6. c4 c5 7. Bb2 O-O 8. d4
cxd4 9. Qxd4 Nc6 10. Qf4 d6 11. e4 e5 12. Qe3 Qc7 13. Nc3 Nb4 14. Rac1 Qc5 15.
Qe2 Qc7 16. Nh4 g6 17. Nf3 Qd7 18. Ne1 Rab8 19. Qd2 Kg7 20. a3 Nc6 21. Nd3 Nd4
22. Qd1 a6 23. Nb4 Rbc8 24. Re1 a5 25. Nbd5 Nxd5 26. Nxd5 Bxd5 27. exd5 Bf6
28. f4 Rfe8 29. g4 exf4 30. Rxe8 Rxe8 31. Bxd4 Re1+ 32. Qxe1 Bxd4+ 33. Kf1
Qxg4 34. Rc3 Bxc3 35. Qxc3+ f6 36. b4 Qd1+ 37. Kf2 a4 38. c5 dxc5 39. bxc5
bxc5 40. Qxc5 Qd2+ 41. Kf3 g5 42. Qe7+ Kg6 43. Qe4+ Kg7 44. Qe7+ Kg6 45. Qe4+
Kg7 46. Bf1 Qxh2 47. Qe7+ Kg6 48. Bd3+ f5 49. Bxf5+ {#r} 1-0

[Event "Memorial Helio da Motta - ALEX 2017"]
[Site "Rio de Janeiro | BRA"]
[Date "2017.04.11"]
[Round "6.1"]
[White "Souza Santos, Tadeu"]
[Black "Murilo, Sergio"]
[Result "1-0"]
[WhiteElo "2117"]
[BlackElo "1954"]

1. d4 d5 2. Bf4 c6 3. Nf3 Nf6 4. e3 Bg4 5. c4 e6 6. Qb3 b6 7. Ne5 Bd6 8. Nc3
O-O 9. f3 Bh5 10. g4 Bg6 11. h4 h5 12. Bg5 Qe8 13. O-O-O Bxe5 14. dxe5 Nfd7
15. f4 Nc5 16. Qa3 f6 17. exf6 gxf6 18. Bh6 Rf7 19. f5 exf5 20. gxh5 Bxh5 21.
Rd2 Kh7 22. Bf4 Ne4 23. Rdh2 Nd7 24. cxd5 Nxc3 25. bxc3 Nc5 26. d6 Qe4 27. c4
Qe6 28. Rg1 Ne4 29. Qd3 Bg4 30. Rhg2 Nc5 31. Qd2 Rg8 32. Qc2 Qe4 33. Qd2 Qe6
34. Qd4 Rfg7 35. Rg3 Ne4 36. R3g2 Nc5 37. Rh2 Bh5 38. Rhg2 Bg4 39. h5 Nd7 40.
h6 Rg6 41. Bd3 Kh8 42. Kb2 c5 43. Qc3 Ne5 44. Rd2 Nd7 45. Qc2 Ne5 46. Ka3 Nxd3
47. Qxd3 Qd7 48. Qd5 Rf8 49. Rdg2 Kh7 50. Rg3 Re8 51. R3g2 Rf8 52. Kb3 Rc8 53.
a4 a5 54. Ka3 Rcg8 55. Rb2 Bf3 56. Qxf3 Rxg1 57. Rxb6 Ra1+ 58. Kb2 Rxa4 59.
Qb7 Rd8 60. Qxd7+ Rxd7 61. Rc6 Rb4+ 62. Kc3 Rbb7 63. Rxc5 Ra7 64. Kb3 Kg6 65.
Ka4 Ra6 66. Rd5 Kf7 67. c5 Ke6 68. Rd4 Rda7 69. Kb5 a4 70. c6 Ra5+ 71. Kb4 a3
72. d7 a2 73. d8=Q Ra4+ 74. Kb3 Ra3+ 75. Kc2 Rc3+ 76. Kd2 Rxc6 77. Qg8+ Rf7
78. Qa8 {#r} 1-0

[Event "Memorial Helio da Motta - ALEX 2017"]
[Site "Rio de Janeiro | BRA"]
[Date "2017.04.11"]
[Round "6.2"]
[White "Ramos Simoes, Leo"]
[Black "Pinon, Antonio Marcos"]
[Result "1-0"]
[WhiteElo "2047"]
[BlackElo "1803"]

1. e4 g6 2. Nc3 Bg7 3. f4 d6 4. Bc4 e6 5. Nf3 a6 6. a4 b6 7. O-O c5 8. d3 Nc6
9. Qe1 Bb7 10. f5 gxf5 11. exf5 e5 12. Ng5 Nh6 13. Qh4 Nd4 14. Qh5 d5 15. Ne6
Nxe6 16. fxe6 dxc4 17. Bxh6 O-O 18. exf7+ Kh8 19. Bxg7+ Kxg7 20. Qxe5+ Kg6 21.
Ne2 Qg5 22. Nf4+ Kh6 23. Qd6+ {#r} 1-0

[Event "Memorial Helio da Motta - ALEX 2017"]
[Site "Rio de Janeiro | BRA"]
[Date "2017.04.11"]
[Round "6.4"]
[White "Luz, Carlos Henrique"]
[Black "Mesquita, Jose Carlos"]
[Result "0-1"]
[WhiteElo "1623"]
[BlackElo "1962"]

1. d4 d5 2. Bf4 c5 3. c3 Nc6 4. e3 Qb6 5. Qc2 Nf6 6. Nd2 e6 7. Be2 Be7 8. h3
Bd7 9. Ngf3 Rc8 10. O-O cxd4 11. exd4 Nxd4 12. Nxd4 Qxd4 13. Be3 Qe5 14. Rfe1
Qb8 15. a4 e5 16. Qb3 O-O 17. Nf3 h6 18. Qd1 Bc5 19. Bb5 Bxb5 20. Bxc5 Rxc5
21. axb5 Rxb5 22. Rxe5 Rxb2 23. Qa4 a6 24. Rae1 Qa7 25. Nd4 Qc5 26. R1e3 Rb1+
27. Kh2 Qc7 28. Qc2 Rb6 29. Kg1 Qc5 30. Nf5 Kh8 31. Rg3 Nh5 32. Rge3 Rf6 33.
Re8 Nf4 34. Rxf8+ Qxf8 35. Qa4 Ne6 36. Nd4 Qc8 37. Nf3 Qc6 38. Ne5 Qxa4 39.
Ng4 Rf4 40. g3 Re4 41. Rf3 Qd1+ 42. Kg2 Ng5 43. Rf5 Re1 44. Ne3 Rg1+ 45. Kh2
Rh1+ {#R} 0-1

[Event "Memorial Helio da Motta - ALEX 2017"]
[Site "Rio de Janeiro | BRA"]
[Date "2017.04.11"]
[Round "6.5"]
[White "Araujo, Bernardo"]
[Black "Saldanha, Adriano"]
[Result "1-0"]
[WhiteElo "1539"]
[BlackElo "1651"]

1. e4 e5 2. Nf3 Nc6 3. Bc4 Be7 4. d4 d6 5. h3 exd4 6. Nxd4 Nxd4 7. Qxd4 Nf6 8.
Nc3 O-O 9. Be3 a6 10. O-O-O c5 11. Qd2 Qa5 12. Kb1 Qc7 13. f3 Be6 14. Nd5 Nxd5
15. exd5 Bd7 16. g4 Bb5 17. Be2 Rfe8 18. c4 Bd7 19. Bd3 b5 20. h4 bxc4 21.
Bxc4 Rab8 22. Qc2 Bf6 23. Bc1 Bb5 24. g5 Bd4 25. Bxb5 Be3 26. Bxe8 Bxc1 27.
Bxf7+ {#r} 1-0

[Event "Memorial Helio da Motta - ALEX 2017"]
[Site "Rio de Janeiro | BRA"]
[Date "2017.04.11"]
[Round "6.7"]
[White "Rabello, David"]
[Black "Von Calmbach, Guilherme"]
[Result "1-0"]
[WhiteElo "1835"]
[BlackElo "1787"]

1. e4 e5 2. Bc4 Nf6 3. Nf3 Nxe4 4. Nc3 Nxc3 5. dxc3 d6 6. Nxe5 Be6 7. Bxe6 Qf6
8. Bxf7+ Ke7 9. O-O dxe5 10. Bd5 c6 11. Bb3 Nd7 12. Re1 Nc5 13. Qd4 Nxb3 14.
axb3 Qd6 15. Rxe5+ Kd7 16. Bg5 Qxd4 17. cxd4 Bd6 18. Rf5 Rhf8 19. Rxf8 Bxf8
20. Kf1 c5 21. d5 h6 22. Bf4 Bd6 23. Bxd6 Kxd6 24. c4 b5 25. Ke2 bxc4 26. bxc4
Rb8 27. Ra6+ Ke5 28. Kd3 Rxb2 29. Rxa7 g6 30. Re7+ Kf6 31. Re2 Rb3+ 32. Kc2
Ra3 33. Re8 Kf7 34. Rc8 Ra2+ 35. Kd3 Rxf2 36. Rxc5 Rxg2 37. Rc7+ Kf6 38. d6
Rxh2 39. c5 Rh5 40. Kd4 Rh4+ 41. Kd5 Rh1 42. Rh7 Re1 43. Rxh6 Re8 44. d7 Re1
45. Kc6 Rd1 46. Kc7 Kg7 47. Rh3 {#r} 1-0

[Event "Memorial Helio da Motta - ALEX 2017"]
[Site "Rio de Janeiro | BRA"]
[Date "2017.04.10"]
[Round "6.8"]
[White "Faraco, Pedro"]
[Black "Alves Rolim, Carlos"]
[Result "1-0"]
[WhiteElo "1464"]
[BlackElo "1889"]

1. d4 d5 2. Bf4 Nf6 3. e3 g6 4. Nd2 Nh5 5. Bg3 Nxg3 6. hxg3 Bg7 7. Ngf3 Nd7 8.
Bd3 c5 9. c4 cxd4 10. Nxd4 e5 11. Nb5 Nc5 12. Nb3 Nxd3+ 13. Qxd3 a6 14. Nc3 d4
15. exd4 exd4 16. Nd5 Be6 17. Nf4 Bf5 18. Qe2+ Kd7 19. O-O Re8 20. Qf3 Be4 21.
Nc5+ Kc8 22. Nxe4 Qc7 23. Nd5 Qd8 24. Rab1 f5 25. Nc5 b6 26. Nb3 Rb8 27. Rfd1
Re4 28. Nc3 Rg4 29. Qc6+ Qc7 30. Qxc7+ Kxc7 31. Nd5+ Kd6 32. Ne3 Re4 33. Nc2
b5 34. Ncxd4 Kc7 35. cxb5 axb5 36. Rbc1+ Kb6 37. Rc6+ Ka7 38. Ne6 Rb7 39. Nbc5
Rxe6 40. Rxe6 Bxb2 41. Nxb7 Kxb7 42. Rd7+ {#r} 1-0

[Event "Memorial Helio da Motta - ALEX 2017"]
[Site "Rio de Janeiro | BRA"]
[Date "2017.04.11"]
[Round "6.9"]
[White "Pereira, Emmanuel"]
[Black "Labre, Diogenes"]
[Result "0-1"]
[WhiteElo "1691"]
[BlackElo "1683"]

1. Nf3 g6 2. g3 d5 3. d4 Bg7 4. Bg2 Nd7 5. O-O Ngf6 6. Nbd2 c5 7. c4 O-O 8.
cxd5 Nxd5 9. dxc5 Nxc5 10. Nb3 Ne4 11. Nfd2 Nef6 12. Rb1 Bg4 13. Ne4 Qb6 14.
Nxf6+ Nxf6 15. Qd4 Qb5 16. e3 Rfd8 17. Qc5 Qd7 18. Qd4 Qe6 19. Qb4 Nd5 20.
Qxb7 Bh3 21. Re1 Bxg2 22. Kxg2 Qe4+ 23. Kf1 Qxb1 24. e4 Qd3+ {#R} 0-1